Nơi có hai mùa Thơ
vv
Đã lưu trong:
| Tác giả chính: | |
|---|---|
| Định dạng: | Sách |
| Năm xuất bản: |
Quảng Bình
Hội văn học nghệ thuật
1999
|
| Chủ đề: | |
| Tags: |
Thêm thẻ
Không có thẻ, Hãy là người đầu tiên gắn thẻ bản ghi này!
|
| LEADER | 02073nam a2200289 4500 | ||
|---|---|---|---|
| 082 | |a 895.922134 |b TR120H | ||
| 100 | |a Trần Hải Sâm | ||
| 245 | |a Nơi có hai mùa |c Trần Hải Sâm |b Thơ | ||
| 260 | |a Quảng Bình |b Hội văn học nghệ thuật |c 1999 | ||
| 300 | |a 53tr. |c 19cm | ||
| 520 | |a vv | ||
| 653 | |a Văn học hiện đại | ||
| 653 | |a Thế kỷ 20 | ||
| 653 | |a Việt Nam | ||
| 653 | |a Thơ | ||
| 942 | |2 ddc |c STK0 | ||
| 999 | |c 3824 |d 3824 | ||
| 952 | |0 0 |1 0 |2 ddc |4 0 |6 895_922134000000000_TR120H |7 1 |8 800 |9 38897 |a qbu |b qbu |c D5 |d 2014-12-17 |g 25000 |o 895.922134 TR120H |p 3887.C1 |r 0000-00-00 |w 2014-12-17 |y STK0 | ||
| 952 | |0 0 |1 0 |2 ddc |4 0 |6 895_922134000000000_TR120H |7 0 |8 800 |9 38898 |a qbu |b qbu |c D5 |d 2014-12-17 |g 25000 |o 895.922134 TR120H |p 3887.C2 |r 0000-00-00 |w 2014-12-17 |y STK0 | ||
| 952 | |0 0 |1 0 |2 ddc |4 0 |6 895_922134000000000_TR120H |7 0 |8 800 |9 38899 |a qbu |b qbu |c D5 |d 2014-12-17 |g 25000 |o 895.922134 TR120H |p 3887.C3 |r 0000-00-00 |w 2014-12-17 |y STK0 | ||
| 952 | |0 0 |1 0 |2 ddc |4 0 |6 895_922134000000000_TR120H |7 0 |8 800 |9 38900 |a qbu |b qbu |c D5 |d 2014-12-17 |g 25000 |o 895.922134 TR120H |p 3887.C4 |r 0000-00-00 |w 2014-12-17 |y STK0 | ||
| 952 | |0 0 |1 0 |2 ddc |4 0 |6 895_922134000000000_TR120H |7 0 |8 800 |9 38901 |a qbu |b qbu |c D5 |d 2014-12-17 |g 25000 |o 895.922134 TR120H |p 3887.C5 |r 0000-00-00 |w 2014-12-17 |y STK0 | ||
| 952 | |0 0 |1 0 |2 ddc |4 0 |6 895_922134000000000_TR120H |7 0 |8 800 |9 38902 |a qbu |b qbu |c D5 |d 2014-12-17 |g 25000 |o 895.922134 TR120H |p 3887.C6 |r 0000-00-00 |w 2014-12-17 |y STK0 | ||
| 952 | |0 0 |1 0 |2 ddc |4 0 |6 895_922134000000000_TR120H |7 0 |8 800 |9 38903 |a qbu |b qbu |c D5 |d 2014-12-17 |g 25000 |o 895.922134 TR120H |p 3887.C7 |r 0000-00-00 |w 2014-12-17 |y STK0 | ||
| 952 | |0 0 |1 0 |2 ddc |4 0 |6 895_922134000000000_TR120H |7 0 |8 800 |9 38904 |a qbu |b qbu |c D5 |d 2014-12-17 |g 25000 |o 895.922134 TR120H |p 3887.C8 |r 0000-00-00 |w 2014-12-17 |y STK0 | ||
| 952 | |0 0 |1 0 |2 ddc |4 0 |6 895_922134000000000_TR120H |7 0 |8 800 |9 38905 |a qbu |b qbu |c D5 |d 2014-12-17 |g 25000 |o 895.922134 TR120H |p 3887.C9 |r 0000-00-00 |w 2014-12-17 |y STK0 | ||
| 952 | |0 0 |1 0 |2 ddc |4 0 |6 895_922134000000000_TR120H |7 0 |8 800 |9 38906 |a qbu |b qbu |c D5 |d 2014-12-17 |g 25000 |o 895.922134 TR120H |p 3887.C10 |r 0000-00-00 |w 2014-12-17 |y STK0 | ||